[Event "ROM-ch U10"]
[Site "Calimanesti"]
[Date "2018.03.31"]
[Round "6"]
[White "Anghel, Rares Mihai"]
[Black "Vasilescu, Alexandru"]
[Result "1/2-1/2"]
[WhiteElo "1331"]
[BlackElo "1110"]
[PlyCount "50"]
[EventDate "2018.03.27"]
[EventType "swiss"]
[EventRounds "9"]
[EventCountry "ROU"]
[SourceTitle "CBM 183 Extra"]
[Source "ChessBase"]
[SourceDate "2018.04.19"]
[SourceVersion "1"]
[SourceVersionDate "2018.04.19"]
[SourceQuality "1"]

1. e4 e5 2. Nf3 Nc6 3. Bc4 Bc5 4. 0-0 d6 5. h3 Nf6 6. Nc3 0-0 7. d3 h6 8. Be3 Bb6 9. Na4 Na5 10. Nxb6 axb6 11. Bd5 Be6 12. b4 Nc6 13. Bxe6 fxe6 14. b5 Ne7 15. Qd2 c5 16. Bxh6 gxh6 17. Qxh6 Qe8 18. Ng5 Qg6 19. Qxg6+ Nxg6 20. Nxe6 Rf7 21. Ng5 Re7 22. g3 Nh7 23. Nf3 Nf6 24. Nd2 d5 25. g4 dxe4 1/2-1/2

[Event "ROM-ch U10"]
[Site "Baile Felix"]
[Date "2017.02.06"]
[Round "6"]
[White "Vasilescu, Alexandru"]
[Black "Berechet, Eduard Mihai"]
[Result "1-0"]
[WhiteElo "1075"]
[BlackElo "1251"]
[PlyCount "121"]
[EventDate "2017.02.02"]
[EventType "swiss"]
[EventRounds "9"]
[EventCountry "ROU"]
[SourceTitle "CBM 176 Extra"]
[Source "ChessBase"]
[SourceDate "2017.03.02"]
[SourceVersion "1"]
[SourceVersionDate "2017.03.02"]
[SourceQuality "1"]

1. d4 Nf6 2. c4 e6 3. Nc3 Bb4 4. Bd2 c5 5. d5 0-0 6. a3 Bxc3 7. Bxc3 exd5 8. cxd5 d6 9. e3 Ne4 10. Qc2 Bf5 11. Bd3 Nxc3 12. Bxf5 Nxd5 13. Be4 Nxe3 14. fxe3 Nc6 15. Bxh7+ Kh8 16. Bd3 Re8 17. 0-0-0 Rxe3 18. Qd2 Re8 19. Re1 Rxe1+ 20. Qxe1 Qg5+ 21. Qd2 Qf6 22. Nf3 Rc8 23. Qg5 Qxg5+ 24. Nxg5 Kg8 25. Be4 Rc7 26. Bxc6 bxc6 27. Rd1 d5 28. Kc2 Re7 29. Rd2 f6 30. Nf3 Rb7 31. Kc3 Kf7 32. b4 cxb4+ 33. axb4 Ke6 34. Nd4+ Kd6 35. Re2 Rc7 36. Nf5+ Kd7 37. Re7+ Kd8 38. Rxc7 Kxc7 39. Nxg7 Kd6 40. Kd4 a6 41. Nf5+ Ke6 42. Ne3 f5 43. g3 Kd7 44. Nxf5 Kc7 45. h4 Kb6 46. Nd6 Kc7 47. Kc5 Kd7 48. h5 a5 49. bxa5 d4 50. Kxd4 Kxd6 51. h6 c5+ 52. Kc4 Kc6 53. h7 Kb7 54. h8Q Kc6 55. Qf6+ Kd7 56. Kxc5 Ke8 57. Qg7 Kd8 58. Kd6 Kc8 59. Qd7+ Kb8 60. Kc6 Ka8 61. Qb7# 1-0

[Event "ROM-ch U10"]
[Site "Baile Felix"]
[Date "2017.02.05"]
[Round "5"]
[White "Szegedy, Matyas"]
[Black "Vasilescu, Alexandru"]
[Result "1/2-1/2"]
[WhiteElo "1196"]
[BlackElo "1075"]
[PlyCount "69"]
[EventDate "2017.02.02"]
[EventType "swiss"]
[EventRounds "9"]
[EventCountry "ROU"]
[SourceTitle "CBM 176 Extra"]
[Source "ChessBase"]
[SourceDate "2017.03.02"]
[SourceVersion "1"]
[SourceVersionDate "2017.03.02"]
[SourceQuality "1"]

1. e4 e5 2. Nf3 Nc6 3. Nc3 Nf6 4. a3 Bc5 5. Nxe5 Nxe5 6. d4 Bxd4 7. Qxd4 Nc6 8. Qe3 0-0 9. Be2 Re8 10. 0-0 d5 11. Qg3 Nxe4 12. Nxe4 dxe4 13. Bg5 Qd7 14. Rad1 Qe6 15. Qxc7 Qe5 16. Qxe5 Rxe5 17. Bf4 Re8 18. Bb5 a6 19. Bc4 Be6 20. Bxe6 Rxe6 21. Rd7 b5 22. Rfd1 h6 23. R7d6 Rae8 24. Rxe6 Rxe6 25. Rd6 Rxd6 26. Bxd6 Nd4 27. c3 Nf5 28. Bf4 g5 29. Be3 Nxe3 30. fxe3 f5 31. Kf2 Kf7 32. b3 Ke6 33. g3 Ke5 34. h3 f4 35. gxf4+ 1/2-1/2

[Event "ROM-ch U08"]
[Site "Calimanesti Caciulata"]
[Date "2016.04.21"]
[Round "4"]
[White "Santimbrean, Mihnea Nicolae"]
[Black "Vasilescu, Alexandru"]
[Result "0-1"]
[WhiteElo "1001"]
[BlackElo "1075"]
[PlyCount "138"]
[EventDate "2016.04.18"]
[EventType "swiss"]
[EventRounds "9"]
[EventCountry "ROU"]
[SourceTitle "CBM 172 Extra"]
[Source "ChessBase"]
[SourceDate "2016.06.21"]
[SourceVersion "1"]
[SourceVersionDate "2016.06.21"]
[SourceQuality "1"]

1. e4 e5 2. Nf3 Nc6 3. Bc4 Bc5 4. Nc3 Nf6 5. d3 d6 6. Bg5 0-0 7. Nd5 Be6 8. Bxf6 gxf6 9. 0-0 Bg4 10. c3 Kh8 11. h3 Bh5 12. b4 Bb6 13. Qe2 Bg6 14. Qd2 Rg8 15. a4 a5 16. b5 Ne7 17. Nxf6 Rf8 18. Qh6 Ng8 19. Nxg8 Rxg8 20. Qd2 Qf8 21. Rac1 Qg7 22. d4 Bxe4 23. Ng5 Qxg5 24. Qxg5 Rxg5 25. f3 d5 26. Be2 Bf5 27. h4 Rg7 28. Rcd1 Bh3 29. Rf2 Be6 30. f4 f5 31. fxe5 c5 32. Bh5 Bf7 33. Be2 Rag8 34. Bf3 Be6 35. Rdd2 Rc7 36. Kf1 cxd4 37. cxd4 Rc4 38. Bd1 Rxd4 39. Rxd4 Bxd4 40. Rf4 Bxe5 41. Rf2 Re8 42. Bb3 Bf7 43. Re2 Bf6 44. Rxe8+ Bxe8 45. Bxd5 b6 46. Be6 Bh5 47. Bxf5 Bxh4 48. Bc2 Bg4 49. Kg1 Bg3 50. Kf1 Kg7 51. Kg1 h6 52. Kf1 Kf6 53. Kg1 Ke5 54. Bb3 Kd4 55. Kf1 Kc5 56. Bc2 Kb4 57. Kg1 Be2 58. Kh1 Bxb5 59. axb5 Kxb5 60. Kg1 a4 61. Kf1 a3 62. Bb1 Ka4 63. Ke2 b5 64. Kd2 b4 65. Bc2+ b3 66. Kc3 Be5+ 67. Kd2 a2 68. Bxb3+ Kxb3 69. Ke3 a1Q 0-1

[Event "ROM-ch U08"]
[Site "Calimanesti Caciulata"]
[Date "2016.04.20"]
[Round "3"]
[White "Vasilescu, Alexandru"]
[Black "Stanescu, Tudor Stefan"]
[Result "0-1"]
[WhiteElo "1075"]
[BlackElo "1123"]
[PlyCount "94"]
[EventDate "2016.04.18"]
[EventType "swiss"]
[EventRounds "9"]
[EventCountry "ROU"]
[SourceTitle "CBM 172 Extra"]
[Source "ChessBase"]
[SourceDate "2016.06.21"]
[SourceVersion "1"]
[SourceVersionDate "2016.06.21"]
[SourceQuality "1"]

1. d4 d5 2. c4 c6 3. e3 Nf6 4. Nf3 e6 5. Nc3 Bd6 6. Bd3 Qe7 7. e4 c5 8. e5 cxd4 9. exd6 Qxd6 10. Nxd4 Qe5+ 11. Be3 dxc4 12. Bxc4 0-0 13. 0-0 Qc7 14. Bb3 e5 15. Ndb5 Qc6 16. Nxa7 Qd7 17. Qxd7 Bxd7 18. Nab5 Bxb5 19. Nxb5 Nc6 20. Bg5 Ne4 21. Be3 Rad8 22. Nc3 Nxc3 23. bxc3 Kh8 24. Rad1 f5 25. Rxd8 Rxd8 26. Rd1 Rc8 27. Be6 Rf8 28. Bc5 Rf6 29. Bd5 h6 30. Bxc6 Rxc6 31. Bd6 Rxc3 32. Bxe5 Rc2 33. h3 Rxa2 34. Rd7 b6 35. Rxg7 Re2 36. Re7+ Kg8 37. Kf1 Rc2 38. Rb7 Rc6 39. Rb8+ Kf7 40. Bd4 Rc4 41. Bxb6 Rb4 42. Bc7 Rc4 43. Rb7 Ke6 44. Bg3 f4 45. Bh4 f3 46. Rb6+ Kd5 47. Rxh6 Rc1# 0-1